000 00579nam a22001697a 4500
003 NUST - PNEC
005 20170116181108.0
008 151003b xxu||||| |||| 00| 0 eng d
020 _a-
040 _cLIBRARY
082 _a620.112 LEW
100 _912735
_aLewis, D. M.
245 _aMagnetic and electrical methods of non-destructive testing; report prepared for the Magnetic and Electrical Methods Sub-committee of the British Iron and Steel Research Association;
_cD. M. Lewis
260 _cc.1951
650 _912740
_aNondestructive testing
_xME, EE
942 _2ddc
_cBK
999 _c69004
_d69004